000 00499nam a22001577a 4500
999 _c19253
_d19253
008 240221b ||||| |||| 00| 0 eng d
020 _a9781509547388
082 _aDC 170
_bAt82 2023
100 _aAttfield, Robin,
_eauthor.
_952872
245 _aApplied ethics :
_ban introduction /
_cRobin Attfield.
260 _aCambridge, UK :
_bPolity,
_c©2023.
300 _avi, 218 ;
_c23 cm.
500 _aIncludes bibliographical references and index.
650 _aEthics.
_952873
942 _2ddc
_cDC